00542nam a2200157 a 450000500170000000800410001702000180005805000240007624500930010026000450019330000230023844000190026150000480028065000320032865000240036020140412111231.0001111s19uu xx 00 eng d a0-395-48659-9 aTR(PS EbCu-Vi 1988 aCurious George visits an amusements park /cEdited by Margaret Rey and Alan J. Shalleck. aBoston :bHoughton Mifflin, 1987,c1988. a32 p. ; col.; ill. aCurious George aAdapted from the Curious George film series aAmusements parks -- Fiction aMonkeys -- Stories